000 00592nam a2200205Ia 4500
001 25341
003 IN-NITTTR
005 20251114233322.0
008 251113s9999||||xx |||||||||||||| ||eng||
040 _beng
040 _cIN-NITTTR
041 _aeng
082 _a621.56 W591R
100 _aWhitman, William C.
245 0 _aRefrigeration and air conditioning technology. /
_cWhitman, William C., Johnson, William M., Tomczyk, John A., William, C. Whiteman
700 _a Johnson, William M.
700 _a Tomczyk, John A.
700 _a William, C. Whiteman
942 _2ddc
_cBK
999 _c27970
_d27970